Typologie en post-partum chez les cesatisées à l'aide du materiel de colchez-Sussman (Record no. 48547)

MARC details
000 -LEADER
fixed length control field 00556nam a22001817a 4500
003 - CONTROL NUMBER IDENTIFIER
control field 0
005 - DATE AND TIME OF LATEST TRANSACTION
control field 20160609170222.0
008 - FIXED-LENGTH DATA ELEMENTS--GENERAL INFORMATION
fixed length control field 101213t xxu||||| |||| 00| 0 eng d
040 ## - SOURCE DU CATALOGAGE
Original cataloging agency BUAC
Transcribing agency BEPAC
100 ## - VEDETTE PRINCIPALE - NOM DE PERSONNE
Personal name Assogba, S. K. Ghislain
9 (RLIN) 12284
130 ## - VEDETTE PRINCIPALE - TITRE UNIFORME
Language of a work fr
9 (RLIN) 12285
245 ## - TITLE STATEMENT
Title Typologie en post-partum chez les cesatisées à l'aide du materiel de colchez-Sussman
260 ## - PUBLICATION, DISTRIBUTION, ETC. (IMPRINT)
Place of publication, distribution, etc ABOMEY-CALAVI
Name of publisher, distributor, etc EPAC-UAC
Date of publication, distribution, etc 2007
300 ## - PHYSICAL DESCRIPTION
Extent XV-98p.
650 ## - SUBJECT ADDED ENTRY--TOPICAL TERM
Topical term or geographic name as entry element TYPOLOGIE PELVIENNE
Topical term following geographic name as entry element CESATISEE
9 (RLIN) 12286
700 ## - ADDED ENTRY--PERSONAL NAME
Personal name Tcheme, A. Vidjennagni Benoît
9 (RLIN) 12287
942 ## - ADDED ENTRY ELEMENTS (KOHA)
Koha item type Thèse et Memoire
Holdings
Withdrawn status Lost status Damaged status Not for loan Location (home branch) Sublocation or collection (holding branch) Date acquired Source of acquisition Koha issues (times borrowed) Koha full call number Piece designation (barcode) Koha date last seen Copy number Price effective from Koha item type
        Bibliothèque Ecole Polytechnique d'Abomey-Calavi Bibliothèque Ecole Polytechnique d'Abomey-Calavi 13/12/2010 Dépot légal   26/ABM/ASS M16251EPAC 13/12/2010 1 13/12/2010 Thèse et Memoire
        Bibliothèque Ecole Polytechnique d'Abomey-Calavi Bibliothèque Ecole Polytechnique d'Abomey-Calavi 14/12/2010 Dépot légal   26.IM/ASS M16296EPAC 14/12/2010 2 14/12/2010 Thèse et Memoire
        Bibliothèque Ecole Polytechnique d'Abomey-Calavi Bibliothèque Ecole Polytechnique d'Abomey-Calavi 16/12/2010 Dépot légal   26.IM/ASS M16301EPAC 16/12/2010 3 16/12/2010 Thèse et Memoire


© 2008, Bibliothèques de l'Université d'Abomey-Calavi

04 BP 789 Cotonou, Tél. : +229 21 36 01 01, Fax : +229 21 35 06 32

Courriel : bu@bu.uac.bj